000 00790nam a22002537a 4500
008 240821b mp ||||| |||| 00| 0 mon d
020 _a978-99929-58-20-0
040 _aSE0153081
_bmon
_cMN-UlNLM
_dMN-UlNLM
_erda
041 _amon
084 _2NNA
_a83
_bН-923
100 _aНэргүй Ц.
245 0 _aР.Чойном- хан хэнтийд
245 0 _bР.Чойномын номын сан-16
245 0 _cРед. А.Шартолгой ,Д.Ганболд
264 _aУБ
_bЖиком пресс
_c2007
300 _a124х
336 _2rdacontent
_atext
_btxt
337 _2rdamedia
_aunmediated
_bn
338 _2rdacarrier
_avolume
_bnc
505 _tР.Чойномын номын сан-16;
942 _2NNA
_cBK
999 _c1151857
_d1151914